| 000 | 00466nam a2200157 i 4500 | ||
|---|---|---|---|
| 001 | 77992 | ||
| 003 | ES-MaACL | ||
| 007 | t| | ||
| 008 | 041008s1975 sp ||||1| spa d | ||
| 100 | 1 |
_aZuloaga, I. G. _9118462 |
|
| 245 | 1 | 0 |
_aFuentes del humanismo marxista _b: (Hegel e izquierda hegeliana) / _cMaría Isabel Gutiérrez Zuluaga. |
| 250 | _a2ª ed. | ||
| 260 |
_aValencia : _bBonaire, _c1975. |
||
| 300 |
_a211 p. ; _c20 cm. |
||
| 852 |
_aES-MaACL _jE-7420 _bR.91953 |
||
| 999 |
_c77992 _d77992 |
||